000 00701nam a22002057a 4500
003 0
005 20250108155652.0
008 250108b xxu||||| |||| 00| 0 eng d
020 _a978-1-63989-835-0
050 _aP 140
_b.D36 2024
100 _aDaniels, Clementine
_eauthor.
245 _aLanguage modeling :
_bapplications-oriented approach using lexical data /
_cClementine Daniels.
260 _aBrooklyn, NY :
_bStates Academic Press,
_c2024.
300 _avii, 345 p. :
_bill. ;
_c23 cm.
504 _aIncludes bibliographical references and index.
650 _aHistorical linguistics.
650 _aLanuage and languages
_vHistory.
650 _aComputational linguistics.
942 _2lcc
_cBK
999 _c366937
_d366937